Muʻjam udabāʼ al-aṭibbāʼ /
Saved in:
Main Author:
Format: Book
Language: Arabic
Published:
al-Najaf :
Maṭbaʻat al-Ghurá,
1946.
Subjects:
Tags: Add Tag
No Tags, Be the first to tag this record!
Call Number: PJ7521 .K5 1946
| LEADER | 00966nam a2200229Ia 4500 | ||
|---|---|---|---|
| 003 | OSt | ||
| 005 | 20231011101047.0 | ||
| 008 | 130303s1946 iq d 000 0cara d | ||
| 952 | |0 0 |1 0 |2 lcc |4 0 |6 PJ7521 K5 01946 |7 1 |9 50391 |a ARCE |b ARCE |d 2023-10-11 |l 0 |o PJ7521 .K5 1946 |r 2023-10-11 00:00:00 |w 2023-10-11 |y BK | ||
| 999 | |c 24033 |d 24033 | ||
| 040 | |c ARCE Library | ||
| 050 | 4 | |a PJ7521 .K5 1946 | |
| 100 | 1 | |6 880-01 |a Khalīlī, Muḥammad, |d -1734, |e author |9 33833 | |
| 245 | 1 | 0 | |6 880-02 |a Muʻjam udabāʼ al-aṭibbāʼ / |c taʾlīf Muḥammad al-Khalīlī. |
| 264 | 1 | |a al-Najaf : |b Maṭbaʻat al-Ghurá, |c 1946. | |
| 300 | |a 2 v. ; |c 25 cm. | ||
| 650 | 0 | |a Physicians |z Arab countries |v Biography. | |
| 650 | 0 | |a Authors, Arab. | |
| 880 | 1 | |6 100-01/(3/r |a خليلي، محمد، |d 1734. | |
| 880 | 1 | 0 | |6 245-02/(3/r |a معجم أدباء الأطباء |c محمد الخليلي. |
| 901 | |a reviewed | ||
| 942 | |c BK |2 lcc | ||
